LEADER 01024nam2-2200361---450- 001 990001404150203316 005 20050525151207.0 035 $a000140415 035 $aUSA01000140415 035 $a(ALEPH)000140415USA01 035 $a000140415 100 $a20040209d1977----km-y0itay0103----ba 101 $ager 102 $aDE 105 $a||||||||001yy 200 1 $a<<14.>> : Atheismus im christentum$fErnst Bloch 210 $aFrankfurt am Main$cSuhrkamp$d1977 215 $a362 p.$d17 cm 410 0$12001 454 1$12001 461 1$1001000140297$12001$aGesamtausgabe in 16. banden 676 $a229 700 1$aBLOCH,$bErnst$0433957 801 0$aIT$bsalbc$gISBD 912 $a990001404150203316 951 $aII.1.D. 841/14 (IV A 590/14)$b82170 L.M.$cIV A 959 $aBK 969 $aUMA 979 $aSIAV5$b10$c20040209$lUSA01$h1219 979 $aPATRY$b90$c20040406$lUSA01$h1739 979 $aCOPAT4$b90$c20050525$lUSA01$h1512 996 $aAtheismus im Christentum$989909 997 $aUNISA LEADER 04091nam 22009133u 450 001 9910782061403321 005 20230617002930.0 010 $a0-8147-8439-9 024 7 $a10.18574/nyu/9780814784396 035 $a(CKB)1000000000522479 035 $a(EBL)865936 035 $a(OCoLC)779828320 035 $a(SSID)ssj0000165893 035 $a(PQKBManifestationID)11155355 035 $a(PQKBTitleCode)TC0000165893 035 $a(PQKBWorkID)10144343 035 $a(PQKB)11220531 035 $a(MiAaPQ)EBC865936 035 $a(DE-B1597)548351 035 $a(DE-B1597)9780814784396 035 $a(EXLCZ)991000000000522479 100 $a20131125d2005|||| u|| | 101 0 $aeng 135 $aur||||||||||| 181 $ctxt 182 $cc 183 $acr 200 10$aGroundwork$b[electronic resource] $eLocal Black Freedom Movements in America 210 $aNew York $cNYU Press$d2005 215 $a1 online resource (344 p.) 300 $aDescription based upon print version of record. 311 $a0-8147-8284-1 327 $aContents; List of Abbreviations; Foreword by Charles Payne; Introduction; 1. "They Told Us Our Kids Were Stupid"; 2. "Drive Awhile for Freedom"; 3. Message from the Grassroots; 4. Gloria Richardson and the Civil Rights Movement in Cambridge, Maryland; 5. We've Come a Long Way; 6. Organizing for More Than the Vote; 7. "God's Appointed Savior"; 8. Local Women and the Civil Rights Movement in Mississippi; 9. The Stirrings of the Modern Civil Rights Movement in Cincinnati, Ohio,; 10. "We Cannot Wait for Understanding to Come to Us"; 11. "Not a Color, but an Attitude"; 12. Practical Internationalists 327 $a13. Inside the Panther Revolution About the Contributors; Index 330 $aOver the last several years, the traditional narrative of the civil rights movement as largely a southern phenomenon, organized primarily by male leaders, that roughly began with the 1955 Montgomery Bus Boycott and ended with the Voting Rights Act of 1965, has been complicated by studies that root the movement in smaller communities across the country. These local movements had varying agendas and organizational development, geared to the particular circumstances, resources, and regions in which they operated. Local civil rights activists frequently worked in tandem with the national civil rig 606 $aAfrican American civil rights workers -- Biography 606 $aCivil rights movements -- United States -- History -- 20th century 606 $aUnited States -- History, Local 606 $aUnited States -- Race relations -- History -- 20th century 606 $aAfrican Americans$xCivil rights$xHistory$y20th century$zUnited States$vBiography 606 $aAfrican American civil rights workers$xHistory$y20th century 606 $aCivil rights movements 610 $aGroundwork. 610 $ablack. 610 $acomprehensive. 610 $adifferent. 610 $adoing. 610 $aenabled. 610 $aexamine. 610 $aforges. 610 $afreedom. 610 $alocal. 610 $amore. 610 $amovement. 610 $amovements. 610 $aprevious. 610 $areaders. 610 $aseveral. 610 $atogether. 610 $avision. 610 $avolume. 615 4$aAfrican American civil rights workers -- Biography. 615 4$aCivil rights movements -- United States -- History -- 20th century. 615 4$aUnited States -- History, Local. 615 4$aUnited States -- Race relations -- History -- 20th century. 615 0$aAfrican Americans$xCivil rights$xHistory 615 0$aAfrican American civil rights workers$xHistory 615 0$aCivil rights movements 676 $a323.1196/073 700 $aTheoharis$b Jeanne$01037773 701 $aWoodard$b Komozi$01512869 701 $aPayne$b Charles M$01017488 801 0$bAU-PeEL 801 1$bAU-PeEL 801 2$bAU-PeEL 906 $aBOOK 912 $a9910782061403321 996 $aGroundwork$93747048 997 $aUNINA LEADER 02796nas 22007335a 450 001 9910679277403321 005 20260218111502.0 011 $a2219-1526 035 $a(DE-599)ZDB2598064-6 035 $a(CKB)2660000000033302 035 $a(CONSER)--2007222827 035 $a(DE-599)2598064-6 035 $a(EXLCZ)992660000000033302 100 $a20050419a20049999 -f- - 101 0 $aeng 181 $ctxt$2rdacontent 182 $cc$2rdamedia 183 $acr$2rdacarrier 200 00$aAsia bond monitor /$fAsian Development Bank 210 $aManila $cAsian Development Bank, Regional Economic Monitoring Unit$d2004- 215 $a1 online resource 311 08$aPrint version: Asia bond monitor / 2219-1518 (DLC) 2007222827 (OCoLC)59120346 330 $aThe Asia Bond Monitor (ABM) reviews the development of Asian local currency bond markets. It examines market size and composition, market liquidity, investor profile, and returns and volatility. Recent policy reforms and challenges facing these markets are also highlighted. 517 1 $aABM 606 $aBond market$zAsia$vPeriodicals 606 $aBonds$zAsia$vStatistics$vPeriodicals 606 $aGovernment securities$zAsia$vPeriodicals 606 $aRate of return$zAsia$vPeriodicals 606 $aBond market$zPhilippines$vPeriodicals 606 $aGovernment securities$zPhilippines$vPeriodicals 606 $aRate of return$zPhilippines$vPeriodicals 606 $aBond market$2fast$3(OCoLC)fst00835862 606 $aBonds$2fast$3(OCoLC)fst00835887 606 $aGovernment securities$2fast$3(OCoLC)fst00945597 606 $aRate of return$2fast$3(OCoLC)fst01090236 606 $aObligationsmarknad$zAsien$vperiodika$2sao 606 $aObligationer$zAsien$vperiodika$2sao 606 $aRäntabilitet$zAsien$vperiodika$2sao 607 $aPhilippines$2fast 607 $aAsia$2fast$1https://id.oclc.org/worldcat/entity/E39PBJxMpyjKQ9Jtm3jkjPBgKd 608 $aPeriodicals.$2fast 608 $aStatistics.$2fast 608 $aPeriodicals.$2lcgft 615 0$aBond market 615 0$aBonds 615 0$aGovernment securities 615 0$aRate of return 615 0$aBond market 615 0$aGovernment securities 615 0$aRate of return 615 7$aBond market. 615 7$aBonds. 615 7$aGovernment securities. 615 7$aRate of return. 615 7$aObligationsmarknad 615 7$aObligationer 615 7$aRäntabilitet 712 02$aAsian Development Bank.$bRegional Economic Monitoring Unit. 712 02$aAsian Development Bank.$bOffice of Regional Economic Integration. 906 $aJOURNAL 912 $a9910679277403321 920 $aexl_impl conversion 996 $aAsia bond monitor$92788717 997 $aUNINA